Statistiques concernant Les pays les plus septentrionaux

Cliquez ici pour prendre le quiz!

Statistiques générales

  • Ce quiz a été pris 4,360 fois
  • Le résultat moyen est 18 sur 20

Statistiques - réponses

° Nord Pays % Correct
81°51'Russie
100%
83°06'Canada
99%
69°04'Suède
98%
80°49'Norvège
98%
57°45'Danemark
97%
70°05'Finlande
97%
67°08'Islande
96%
59°48'Estonie
95%
71°23'Etats-Unis
95%
58°05'Lettonie
94%
56°27'Lituanie
93%
60°51'Royaume-Uni
92%
54°50'Pologne
92%
55°03'Allemagne
91%
53°32'Pays-Bas
89%
56°08'Biélorussie
87%
55°26'Irlande
87%
52°22'Ukraine
75%
53°34'Chine
70%
55°06'Kazakhstan
67%

Distribution des résultats

Percentile by Number Answered

% des personnes avec chaque résultat

Votre développement - résultats

Vous n’avez pas pris ce quiz